000 00460nam a22001817a 4500
003 MPLRDC
005 20220104160643.0
008 210129b ||||| |||| 00| 0 eng d
020 _a7-106-01356-0
082 _a859.3 SDW v.2
100 _a孙大文原
245 _a金猫圣帝(续集)
_c远航改编
250 _a一版一刷
260 _a中国
_b中国电影出版社
_c1998
300 _b
650 _a儿童文学
942 _cBK
_o859.3 SDW v.2
999 _c55097
_d55087